000 00622nam a2200229 a 4500
001 7012
003 BD-JhCC
005 20230829120511.0
008 180204s1951 u |||| || | 000 0 eng d
035 _a(BD-JhCC)7012
040 _aBD-JhCC
_dBD-JhCC
041 _aeng
082 _a372
_bSHA 1951
100 _aShane, Harold G.
245 _a Evaluation and the Elementary Curriculum /
_cHarold G. Shane and E. T. Mcswain
260 _aNew York :
_bHenry Holt and Company,
_c1951
300 _a477 p. :
_c20 cm.
650 _aEducation
_xElementary
700 _aMcswain, E. T.
942 _2ddc
_cBK
999 _c7012
_d7012